Państwa najbliżej nieznanego państwa #1 - Statystyki

Ogólne statystyki
  • Ten quiz został rozwiązany 109 razy
    34 od ostatniego zresetowania
  • Średni wynik to 19 z 25
Statystyki odpowiedzi
Litera Państwo % Poprawnych
F Francja
90%
Ł Łotwa
90%
H Hiszpania
87%
O Oman
87%
E Egipt
83%
V Vanuatu
83%
Z Zjednoczone Emiraty Arabskie
83%
M Mali / Maroko / Mauretania
80%
N Niger
80%
P Portugalia
80%
W Włochy
80%
Nieznane państwo ALGIERIA
77%
A Andora
77%
D Dania
77%
J Jordania
77%
L Libia
77%
T Tunezja
77%
C Czad
73%
I Irlandia
73%
U Ukraina
73%
G Ghana
63%
K Kamerun
63%
S Senegal
63%
B Burkina Faso
60%
R Republika Środkowoafrykańska
60%
Nie znaleziono quizów pasujących do podanych kryteriów
Rozkład punktacji
Procent ludzi z każdym wynikiem
Percentyl według liczby udzielonych odpowiedzi
Twoja historia wyników
Nie rozwiązałeś tego quizu od ostatniego zresetowania